Datum a čas kvízu
29.5
Celkem bodů
Celkový počet nahraných bodů na tomto kvízu bez doplňovacích otázek.
9.
Pořadí na kvízu
Konečné umístění týmu na tomto kvízu.
Zaznamenané odpovědi
| # | Otázka | Odpověď | Body | Výsledky |
|---|---|---|---|---|
| 1. | Jak se nazývá státní vyznamená... | Řád Tomáše Garrigua Masaryka (1. třídy) | 1 | |
| 2. | Farmáři z australského Nového... | borůvka | 1 | |
| 3. | Minulý týden byla přidána na... | berlínské techno | 0 | |
| 4. | Některé provozovny jistého řet... | McDonald's | 0 | |
| 5. | Minulý týden se stala jedna ne... | Jaromír Jágr | 1 | |
| 6. | Téma začneme v Evropě. Seřaďte... | 1B 2D 3C 4A | 0 | |
| 7. | Vůdcem Kuby byl několik deseti... | Raúl | 1 | |
| 8. | Jak se jmenuje tento živočich... | fosa | 1 | |
| 9. | Celkově kolikátou nejlidnatějš... | 4. nejlidnatější | 0 | |
| 10. | Jak se jmenuje ostrovní stát,... | Vanuatu | 0 |